Datum a čas kvízu
23
Celkem bodů
Celkový počet nahraných bodů na tomto kvízu bez doplňovacích otázek.
2.
Pořadí na kvízu
Konečné umístění týmu na tomto kvízu.
Zaznamenané odpovědi
| # | Otázka | Odpověď | Body | Výsledky |
|---|---|---|---|---|
| 1. | Předsedou KDU-ČSL se na pátečn... | Marek Výborný | 1 | |
| 2. | Dvacetiletá Árifa Sultánaová z... | má dvě dělohy (uznáváme i zdvojenou dělohu) | 0 | |
| 3. | Po deseti letech výstavby otev... | o Kataru | 0 | |
| 4. | Po Zootu se v problémech ocitá... | Kulina.cz | 0 | |
| 5. | Doplňte jedním slovem dialog,... | popelník | 1 | |
| 6. | Vaším úkolem bude uhodnout kře... | Jaroslav / Tomáš Satoranský | 0 | |
| 7. | Nejstarší muž z naší trojice b... | Otokar / Karel / Michal Březina | 1 | |
| 8. | Úspěšný kanadský režisér se na... | James / David Cameron | 1 | |
| 9. | Tento anglický herec, držitel... | Clive / Michael Owen | 0 | |
| 10. | Americký politik a aktivista,... | John / James / Melanie Brown | 0 |